A la escucha de Dios hoy audacia y creatividad: XXVII Semana de Estudios de Teológia Pastoral
Guardat en:
| Autor corporatiu: | , |
|---|---|
| Format: | Llibre |
| Idioma: | espanyol |
| Publicat: |
Estella
Editorial Verbo Divino
2016
|
| Edició: | 1a. ed |
| Matèries: | |
| Etiquetes: |
Afegir etiqueta
Sense etiquetes, Sigues el primer a etiquetar aquest registre!
|
MARC
| LEADER | 00000cam a2200000 a 4500 | ||
|---|---|---|---|
| 001 | UCD7941 | ||
| 003 | CL-VaPUC | ||
| 008 | 170414e20160000sp |||||||||||||||||spa|d | ||
| 020 | |a 9788490732878 | ||
| 082 | 0 | 4 | |a 253.7 |b UNI |2 21 |
| 110 | 2 | |a Universidad Pontificia de Salamanca |e author |9 591828 | |
| 710 | 2 | |a Instituto Superior de Pastoral |e author |9 591829 | |
| 245 | 1 | 2 | |a A la escucha de Dios hoy audacia y creatividad: XXVII Semana de Estudios de Teológia Pastoral |
| 250 | |a 1a. ed | ||
| 300 | |a 285 p | ||
| 942 | |c BK | ||
| 945 | |d 20170414 22:34:00 |a arojas | ||
| 260 | |a Estella |b Editorial Verbo Divino |c 2016 | ||
| 600 | 0 | |a Dios |9 314467 | |
| 650 | 0 | |a Teología pastoral |9 257832 | |
| 650 | 0 | |a Creatividad |9 310816 | |
| 583 | |a last modification |c 20170414 22:34:00 |k Rodrigo Vera | ||
| 999 | |c 367765 |d 367763 | ||
| 952 | |0 0 |1 0 |3 erb |4 0 |6 253_700000000000000_UNI_2016 |7 0 |8 A |9 482841 |a BIBTEO |b BIBTEO |i 5372429 |o 253.7 UNI 2016 |p 5372429 |r 2025-01-17 |w 2019-11-24 |y BK |z Catalogado en:20170414 |k ICR | ||